• 首页
  • 本馆介绍
  • 公告通知
  • 最新文献
  • 馆藏检索
  • 电子资源
  • 读者导购
  • 参考咨询
  • 我的图书馆
  • 登录
  • 详细信息显示
  • 放入我的书架
  • 预约/预借图书
  • 作者相关作品
  • 分类相关作品
  • 丛书相关作品
  • 出版社相关作品

书目信息

  • 表格格式
  • 工作单格式
  • 卡片格式
题名:
思想的力量
    
 
作者: 科尔奈 著 ;安佳 , 张涵 译
分册:  
出版信息: 上海   上海人民出版社  2013
页数: 466页
开本: 24cm
丛书名:
单 册:
中图分类: K835.155.1 , K835
科图分类:
主题词: 人物--自传--匈牙利--现代 , 人物
电子资源:
ISBN: 978-7-208-11193-6
000 01190nam0 2200301 450
001 2233179699
005 20220918091347.55
010    @a978-7-208-11193-6@dCNY118.00
100    @a20130801d2013 em y0chiy50 ea
101 1  @achi@chun
102    @aCN@b310000
105    @aa z 001ya
200 1  @a思想的力量@9si xiang de li liang@e智识之旅的非常规自传@dBy force of thought@eirregular memoirs of an intellectual journey@f(匈)雅诺什·科尔奈(Janos Kornai)著@g安佳,张涵译@zeng
210    @a上海@c上海人民出版社@d2013
215    @a466页@c照片@d24cm
330    @a本书作者结合自己在匈牙利的亲身经历和社会生活,叙述了他的经济思想发展历程,为他的经济思想发展提供了社会政治背景。
510 1  @aBy force of thought@eirregular memoirs of an intellectual journey@zeng
517 1  @a智识之旅的非常规自传@9zhi shi zhi lv de fei chang gui zi zhuan
606 0  @a人物@x自传@y匈牙利@z现代
606 0  @a人物
610 0  @a科尔奈(Kornai, Janos 1928- )
690    @aK835.155.1@v5
690    @aK835@v4
701  0 @c(匈)@a科尔奈@9ke er nai@c(Kornai, Janos@f1928-)@4著
702  0 @a安佳@9an jia@4译
702  0 @a张涵@9zhang han@4译
801  0 @aCN@b91MARC@c20130904
905    @aZUCC@dK835@e36
    
    思想的力量:智识之旅的非常规自传=By force of thought:irregular memoirs of an intellectual journey/(匈)雅诺什·科尔奈(Janos Kornai)著/安佳,张涵译.-上海:上海人民出版社,2013
    466页:照片;24cm
    
    
    ISBN 978-7-208-11193-6:CNY118.00
    本书作者结合自己在匈牙利的亲身经历和社会生活,叙述了他的经济思想发展历程,为他的经济思想发展提供了社会政治背景。
●
相关链接 在五车中查询图书 在当当中查询图书 在豆瓣中查询图书


正题名:思想的力量     索取号:K835/36         预约/预借

序号 登录号 条形码 馆藏地/架位号 状态 备注
1 2000897350   2000897350   第三书库/ [索取号:K835/36] 在馆    
2 2000897351   2000897351   第三书库/ [索取号:K835/36] 在馆    
3 2000897352   2000897352   第三书库/ [索取号:K835/36] 在馆    
山东省滨州职业学院图书馆 欢迎您!
大连网信软件有限公司© 版权所有